[Event "BIH-chT 1A 31st"]
[Site "Tuzla"]
[Date "2024.08.25"]
[Round "9.4"]
[White "Muratovic, Enver"]
[Black "Besirevic, Jasmin"]
[Result "1-0"]
[WhiteElo "2254"]
[BlackElo "1908"]
[PlyCount "47"]
[EventDate "2024.08.20"]
[EventType "team-tourn"]
[EventRounds "9"]
[EventCountry "BIH"]
[SourceTitle "CBM 221 Extra"]
[Source "ChessBase"]
[SourceDate "2024.09.30"]
[SourceVersion "1"]
[SourceVersionDate "2024.09.30"]
[SourceQuality "1"]
[WhiteTeam "Zenica Celik"]
[BlackTeam "Zenica Preporod"]
[WhiteTeamCountry "BIH"]
[BlackTeamCountry "BIH"]

1. e4 e5 2. Nf3 Nc6 3. Bb5 Nf6 4. 0-0 d6 5. d4 exd4 6. Nxd4 Bd7 7. Nxc6 Bxc6 8. Bxc6+ bxc6 9. c4 Be7 10. Nc3 0-0 11. Qa4 Qd7 12. Rd1 Rfb8 13. c5 Ne8 14. e5 d5 15. Nxd5 Qe6 16. Qxc6 Bf8 17. Qxe6 fxe6 18. Nf4 Bxc5 19. Nxe6 Bb6 20. Rd7 h6 21. Bd2 a5 22. Bc3 Rc8 23. Rad1 Rcb8 24. Kf1 1-0

[Event "BIH-chT 1A 31st"]
[Site "Tuzla"]
[Date "2024.08.24"]
[Round "7.4"]
[White "Muratovic, Enver"]
[Black "Rajic, Ivan1"]
[Result "1/2-1/2"]
[WhiteElo "2254"]
[BlackElo "2163"]
[PlyCount "164"]
[EventDate "2024.08.20"]
[EventType "team-tourn"]
[EventRounds "9"]
[EventCountry "BIH"]
[SourceTitle "CBM 221 Extra"]
[Source "ChessBase"]
[SourceDate "2024.09.30"]
[SourceVersion "1"]
[SourceVersionDate "2024.09.30"]
[SourceQuality "1"]
[WhiteTeam "Zenica Celik"]
[BlackTeam "Zivinice"]
[WhiteTeamCountry "BIH"]
[BlackTeamCountry "BIH"]

1. e4 c5 2. Nf3 d6 3. Bb5+ Nd7 4. 0-0 a6 5. Bxd7+ Bxd7 6. d4 cxd4 7. Qxd4 e5 8. Qd3 h6 9. b3 Nf6 10. Re1 Be7 11. c4 b5 12. cxb5 axb5 13. Ba3 Qb6 14. Bb4 Bc6 15. Nc3 Qb7 16. Rad1 0-0 17. Qe2 Rfd8 18. Rd2 Bf8 19. a3 Rxa3 20. Bxa3 b4 21. Bxb4 Qxb4 22. Qc4 Qxc4 23. bxc4 Rb8 24. Nd5 Nxd5 25. cxd5 Bd7 26. Rc2 f5 27. Rc7 Rd8 28. Nh4 fxe4 29. Ng6 Bf5 30. Nxf8 Rxf8 31. Ra1 Rf6 32. h3 e3 33. f3 Rg6 34. Kh2 Bd3 35. Rc3 e4 36. Re1 e2 37. fxe4 Bxe4 38. Rxe2 Bxd5 39. Rc8+ Kh7 40. Rd8 Bc4 41. Ree8 Rf6 42. Re7 Bd5 43. Rdd7 Rg6 44. g3 Bf3 45. Re3 Bc6 46. Rde7 Bd5 47. Rd3 Bc4 48. Rd4 d5 49. Kg2 h5 50. Re5 Rh6 51. Rf4 Kg8 52. Rff5 h4 53. g4 Bd3 54. Rf4 Be4+ 55. Kf2 Ra6 56. g5 Ra2+ 57. Ke1 Ra1+ 58. Kd2 Ra2+ 59. Kc1 Rc2+ 60. Kd1 Rc4 61. Re8+ Kh7 62. Rxh4+ Kg6 63. Kd2 Kxg5 64. Rg4+ Kf6 65. Rf8+ Ke7 66. Rb8 g6 67. Rb6 Rc2+ 68. Ke1 Rc1+ 69. Kd2 Rc2+ 70. Kd1 Rc4 71. Rg3 Kf7 72. Re3 Kg7 73. Ke1 Rc2 74. Rg3 Rh2 75. Rb7+ Kh6 76. Rb8 Kg7 77. Kf1 Bf5 78. Kg1 Rxh3 79. Rb7+ Kf6 80. Rb6+ Ke5 81. Rxh3 Bxh3 82. Rxg6 Bf5 1/2-1/2

[Event "BIH-chT 1A 31st"]
[Site "Tuzla"]
[Date "2024.08.20"]
[Round "1.4"]
[White "Vego, Nikica"]
[Black "Muratovic, Enver"]
[Result "0-1"]
[WhiteElo "2161"]
[BlackElo "2254"]
[PlyCount "104"]
[EventDate "2024.08.20"]
[EventType "team-tourn"]
[EventRounds "9"]
[EventCountry "BIH"]
[SourceTitle "CBM 221 Extra"]
[Source "ChessBase"]
[SourceDate "2024.09.30"]
[SourceVersion "1"]
[SourceVersionDate "2024.09.30"]
[SourceQuality "1"]
[WhiteTeam "Mostar"]
[BlackTeam "Zenica Celik"]
[WhiteTeamCountry "BIH"]
[BlackTeamCountry "BIH"]

1. e4 c5 2. Nf3 e6 3. d4 cxd4 4. Nxd4 a6 5. Bd3 Nf6 6. 0-0 Qc7 7. Nc3 Bc5 8. Nb3 Ba7 9. Bg5 Nc6 10. Bxf6 gxf6 11. Qf3 Qe5 12. Rae1 Qg5 13. Ne2 h5 14. Qg3 h4 15. Qxg5 fxg5 16. h3 Ne5 17. Kh1 g4 18. hxg4 Nxg4 19. f4 Bf2 20. Rb1 b6 21. Nc3 Bg3 22. Be2 Ne3 23. Rf3 Ng4 24. Kg1 Nh2 25. Rd3 Bxf4 26. Rh3 Bb7 27. Rxh2 Bxh2+ 28. Kxh2 Ke7 29. Bf3 Rac8 30. Rd1 f5 31. Rd2 fxe4 32. Nxe4 d5 33. Nf2 e5 34. Bg4 Rc4 35. Re2 Kd6 36. c3 Rg8 37. Bh3 Bc8 38. Nd2 Rc7 39. Nf3 Bxh3 40. Nxh3 e4 41. Nd4 Rf7 42. Rd2 Rg3 43. Re2 b5 44. Nf2 Rf4 45. Nd1 Rd3 46. Ne3 b4 47. Ndf5+ Ke5 48. Ne7 Ke6 49. Ng6 Rf6 50. Nxh4 bxc3 51. bxc3 Rxc3 52. Ng4 Rf4 0-1

[Event "BIH-chT 21st"]
[Site "Sarajevo"]
[Date "2023.11.07"]
[Round "8.6"]
[White "Muratovic, Enver"]
[Black "Buljubasic, Sabahudin"]
[Result "1-0"]
[WhiteElo "2254"]
[BlackElo "2260"]
[PlyCount "71"]
[EventDate "2023.10.31"]
[EventType "team-tourn"]
[EventRounds "9"]
[EventCountry "BIH"]
[SourceTitle "CBM 217 Extra"]
[Source "ChessBase"]
[SourceDate "2024.01.31"]
[SourceVersion "1"]
[SourceVersionDate "2024.01.31"]
[SourceQuality "1"]
[WhiteTeam "Zenica Napredak"]
[BlackTeam "Pazaric Bjelasnica"]
[WhiteTeamCountry "BIH"]
[BlackTeamCountry "BIH"]

1. e4 d6 2. d4 Nf6 3. Nc3 g6 4. f3 c6 5. Be3 b5 6. Qd2 Nbd7 7. a4 b4 8. Nd1 a5 9. Nf2 Qc7 10. g4 Ba6 11. Bxa6 Rxa6 12. Ne2 c5 13. c3 Bg7 14. Rc1 0-0 15. cxb4 axb4 16. b3 Rc6 17. Nd3 Qb7 18. dxc5 dxc5 19. g5 Nxe4 20. fxe4 Rd6 21. Bf4 Qxe4 22. Nf2 Qe6 23. Qe3 Qxe3 24. Bxe3 Re6 25. Nd1 Rd8 26. 0-0 Re5 27. Rc2 Nf8 28. Bf4 Red5 29. Ne3 Rd2 30. Rf2 Ne6 31. Rxd2 Rxd2 32. Nc4 Rd3 33. a5 Rxb3 34. a6 Nxf4 35. Rxf4 Rd3 36. a7 1-0

[Event "BIH-chT 21st"]
[Site "Sarajevo"]
[Date "2023.11.04"]
[Round "5.6"]
[White "Galic, Zeljko"]
[Black "Muratovic, Enver"]
[Result "1/2-1/2"]
[WhiteElo "2259"]
[BlackElo "2254"]
[PlyCount "23"]
[EventDate "2023.10.31"]
[EventType "team-tourn"]
[EventRounds "9"]
[EventCountry "BIH"]
[SourceTitle "CBM 217 Extra"]
[Source "ChessBase"]
[SourceDate "2024.01.31"]
[SourceVersion "1"]
[SourceVersionDate "2024.01.31"]
[SourceQuality "1"]
[WhiteTeam "Sarajevo Napredak"]
[BlackTeam "Zenica Napredak"]
[WhiteTeamCountry "BIH"]
[BlackTeamCountry "BIH"]

1. c4 e5 2. Nc3 Nc6 3. g3 Bb4 4. Nd5 Bc5 5. Bg2 Nf6 6. e3 0-0 7. Ne2 d6 8. d4 Bb6 9. Nxb6 axb6 10. d5 Ne7 11. e4 Nd7 12. 0-0 1/2-1/2

[Event "BIH-chT 29th"]
[Site "Bihac"]
[Date "2022.08.28"]
[Round "9.4"]
[White "Halilovic, Fahrudin"]
[Black "Muratovic, Enver"]
[Result "0-1"]
[WhiteElo "2012"]
[BlackElo "2224"]
[PlyCount "110"]
[EventDate "2022.08.23"]
[EventType "tourn"]
[EventRounds "9"]
[EventCountry "BIH"]
[SourceTitle "CBM 210 Extra"]
[Source "ChessBase"]
[SourceDate "2022.11.30"]
[SourceVersion "1"]
[SourceVersionDate "2022.11.30"]
[SourceQuality "1"]

1. c4 e6 2. e4 c5 3. Nc3 Nc6 4. g3 d6 5. Bg2 Be7 6. d3 a6 7. Nge2 Rb8 8. a4 Nf6 9. 0-0 0-0 10. f4 Qc7 11. h3 Rd8 12. g4 Nd4 13. Nxd4 cxd4 14. Ne2 e5 15. f5 h6 16. Ng3 Nh7 17. Nh5 Bh4 18. Kh2 b5 19. axb5 axb5 20. Bd2 bxc4 21. Ba5 Qc5 22. Bxd8 Bxd8 23. Qa4 Bb7 24. Rfc1 c3 25. bxc3 dxc3 26. Ra3 Bc6 27. Qa7 Qxa7 28. Rxa7 Rb3 29. Ng3 Bb6 30. Ra6 Bb7 31. Ra4 Be3 32. Rc2 Nf6 33. Rc4 Bd2 34. Ra4 Bc6 35. Raa2 Bb5 36. Bf1 d5 37. Kg2 Be1 38. exd5 Nxd5 39. Ne4 Ne3+ 40. Kg1 Nxc2 41. Rxc2 Rb2 42. Rc1 Bd2 43. Nxd2 cxd2 44. Ra1 Rc2 45. Rd1 Ra2 46. Be2 Ba4 47. Rf1 Bc2 48. d4 e4 49. h4 Kf8 50. g5 f6 51. gxh6 gxh6 52. Kh2 Ke7 53. Rg1 e3 54. Rg7+ Kd6 55. Kg2 d1Q 0-1

[Event "BIH-chT 29th"]
[Site "Bihac"]
[Date "2022.08.23"]
[Round "1.6"]
[White "Nuhic, Amir"]
[Black "Muratovic, Enver"]
[Result "0-1"]
[WhiteElo "2142"]
[BlackElo "2224"]
[PlyCount "92"]
[EventDate "2022.08.23"]
[EventType "tourn"]
[EventRounds "9"]
[EventCountry "BIH"]
[SourceTitle "CBM 210 Extra"]
[Source "ChessBase"]
[SourceDate "2022.11.30"]
[SourceVersion "1"]
[SourceVersionDate "2022.11.30"]
[SourceQuality "1"]

1. e4 c5 2. Nc3 Nc6 3. g3 d6 4. Bg2 g6 5. d3 Bg7 6. Be3 Nf6 7. h3 0-0 8. Qd2 Nd4 9. Nd1 e5 10. c3 Ne6 11. f4 exf4 12. gxf4 Re8 13. Nf3 d5 14. f5 gxf5 15. e5 Nh5 16. Bh6 f4 17. Bxg7 Nexg7 18. Nf2 a5 19. 0-0-0 Ra6 20. d4 c4 21. h4 Rg6 22. Nh3 Nf5 23. Nfg5 h6 24. Bf3 Nfg3 25. Nxf7 Kxf7 26. Nxf4 Nxf4 27. Qxf4+ Kg7 28. Rhg1 Rf8 29. Qe3 Be6 30. Bxd5 Bxd5 31. Rxg3 Qxh4 32. Rxg6+ Kxg6 33. Rg1+ Kh7 34. e6 Qf4 35. Re1 Qxe3+ 36. Rxe3 Re8 37. e7 Kg7 38. Re5 Bc6 39. d5 Bd7 40. d6 b6 41. Rd5 Kf6 42. Rd4 Ke5 43. Rxc4 h5 44. Kd2 Rh8 45. Ke3 h4 46. b4 h3 0-1

[Event "BIH-chTA 27th"]
[Site "Lukavac"]
[Date "2020.11.04"]
[Round "9.2"]
[White "Zenelaj, Samuel"]
[Black "Muratovic, Enver"]
[Result "1/2-1/2"]
[WhiteElo "2142"]
[BlackElo "2229"]
[PlyCount "77"]
[EventDate "2020.10.30"]
[EventType "team-tourn"]
[EventRounds "9"]
[EventCountry "BIH"]
[SourceTitle "CBM 199 Extra"]
[Source "ChessBase"]
[SourceDate "2021.01.31"]
[SourceVersion "1"]
[SourceVersionDate "2021.01.31"]
[SourceQuality "1"]
[WhiteTeam "Konjic Igman"]
[BlackTeam "Zenica Celik"]
[WhiteTeamCountry "BIH"]
[BlackTeamCountry "BIH"]

1. e4 e6 2. d4 d5 3. exd5 exd5 4. Nf3 Bd6 5. c4 c6 6. Nc3 Ne7 7. h3 0-0 8. Be2 Nd7 9. 0-0 dxc4 10. Bxc4 h6 11. a3 Nb6 12. Ba2 Bf5 13. Be3 Bc7 14. Ne5 Nbd5 15. Nxd5 Nxd5 16. Qf3 Be6 17. Rad1 Qh4 18. Bb1 Rad8 19. Qe2 Ne7 20. f4 Bf5 21. Ba2 Nd5 22. Rf3 Be4 23. Rf2 Qg3 24. Bxd5 Bxd5 25. f5 Bxe5 26. dxe5 Bc4 27. Rxd8 Bxe2 28. Rxf8+ Kxf8 29. Bc5+ Ke8 30. Rxe2 Qf4 31. f6 gxf6 32. exf6+ Kd8 33. Bxa7 Qc1+ 34. Kh2 Qf4+ 35. Kg1 Qc1+ 36. Kf2 Qf4+ 37. Ke1 Qc1+ 38. Kf2 Qf4+ 39. Kg1 1/2-1/2

[Event "BIH-chTA 27th"]
[Site "Lukavac"]
[Date "2020.11.02"]
[Round "6.1"]
[White "Muratovic, Enver"]
[Black "Sinanovic, Ermin"]
[Result "1/2-1/2"]
[WhiteElo "2229"]
[BlackElo "2164"]
[PlyCount "56"]
[EventDate "2020.10.30"]
[EventType "team-tourn"]
[EventRounds "9"]
[EventCountry "BIH"]
[SourceTitle "CBM 199 Extra"]
[Source "ChessBase"]
[SourceDate "2021.01.31"]
[SourceVersion "1"]
[SourceVersionDate "2021.01.31"]
[SourceQuality "1"]
[WhiteTeam "Zenica Celik"]
[BlackTeam "Zivinice"]
[WhiteTeamCountry "BIH"]
[BlackTeamCountry "BIH"]

1. e4 c5 2. Nf3 d6 3. Bb5+ Bd7 4. Bxd7+ Qxd7 5. d4 cxd4 6. Nxd4 Nf6 7. Nc3 g6 8. 0-0 Bg7 9. Bg5 h6 10. Bxf6 Bxf6 11. Nd5 Bg7 12. c3 0-0 13. Qd2 Nc6 14. Nf3 b5 15. Rad1 Qb7 16. Rfe1 Rfc8 17. b3 a5 18. Qe3 Ra6 19. h4 e6 20. Nf4 Ne5 21. Nxe5 Bxe5 22. Ne2 Rac6 23. Qxh6 Qe7 24. g3 Bxc3 25. Nxc3 Rxc3 26. Re2 Rc2 27. Red2 R8c6 28. Qf4 e5 1/2-1/2

[Event "BIH-chT 17th"]
[Site "Jahorina"]
[Date "2018.06.09"]
[Round "8.3"]
[White "Muratovic, Enver"]
[Black "Matijevic, Jure"]
[Result "1-0"]
[WhiteElo "2236"]
[BlackElo "2037"]
[PlyCount "85"]
[EventDate "2018.06.02"]
[EventType "team-tourn"]
[EventRounds "9"]
[EventCountry "BIH"]
[SourceTitle "CBM 184 Extra"]
[Source "ChessBase"]
[SourceDate "2018.06.28"]
[SourceVersion "1"]
[SourceVersionDate "2018.06.28"]
[SourceQuality "1"]
[WhiteTeam "Zenica Celik"]
[BlackTeam "Siroki Brijeg"]
[WhiteTeamCountry "BIH"]
[BlackTeamCountry "BIH"]

1. e4 d5 2. exd5 Qxd5 3. Nc3 Qa5 4. d4 Nf6 5. Nf3 Bf5 6. Ne5 e6 7. Nc4 Qb4 8. a3 Qe7 9. Ne3 Bg6 10. Bd3 Bxd3 11. Qxd3 c6 12. Bd2 Na6 13. 0-0-0 0-0-0 14. Ne4 Nxe4 15. Qxe4 Qd7 16. c3 Be7 17. Nc4 Qd5 18. Qxd5 exd5 19. Ne5 Rhf8 20. Rde1 Bd6 21. Nd3 Rde8 22. Bf4 Bxf4+ 23. Nxf4 g6 24. Kd2 Kd7 25. Nd3 f6 26. h4 Rxe1 27. Rxe1 Re8 28. Rh1 b6 29. g4 Ke7 30. g5 Kf7 31. Rh3 Nc7 32. Rf3 f5 33. Ne5+ Rxe5 34. dxe5 Ne6 35. b4 Ng7 36. Kd3 b5 37. Rh3 Ne6 38. Ke3 f4+ 39. Kf3 Ke7 40. Kg4 d4 41. cxd4 Nxd4 42. Kxf4 Ke6 43. Ke4 1-0

[Event "BIH-chT 17th"]
[Site "Jahorina"]
[Date "2018.06.06"]
[Round "5.5"]
[White "Muratovic, Enver"]
[Black "Obad, Andrija"]
[Result "1/2-1/2"]
[WhiteElo "2236"]
[BlackElo "2283"]
[PlyCount "40"]
[EventDate "2018.06.02"]
[EventType "team-tourn"]
[EventRounds "9"]
[EventCountry "BIH"]
[SourceTitle "CBM 184 Extra"]
[Source "ChessBase"]
[SourceDate "2018.06.28"]
[SourceVersion "1"]
[SourceVersionDate "2018.06.28"]
[SourceQuality "1"]
[WhiteTeam "Zenica Celik"]
[BlackTeam "Tuzla Sloboda"]
[WhiteTeamCountry "BIH"]
[BlackTeamCountry "BIH"]

1. e4 c5 2. Nf3 d6 3. Bb5+ Nd7 4. 0-0 Ngf6 5. Re1 a6 6. Bxd7+ Bxd7 7. e5 dxe5 8. Nxe5 e6 9. d4 Bc6 10. Nxc6 bxc6 11. Be3 Be7 12. dxc5 Qxd1 13. Rxd1 Ng4 14. Nd2 Nxe3 15. fxe3 Bxc5 16. Nc4 Rd8 17. Rxd8+ Kxd8 18. Rd1+ Kc7 19. Kf2 f6 20. Ke2 h5 1/2-1/2

[Event "BIH-chT 16th"]
[Site "Sarajevo"]
[Date "2017.08.27"]
[Round "4.3"]
[White "Sitnic, Adnan"]
[Black "Muratovic, Enver"]
[Result "1/2-1/2"]
[WhiteElo "2225"]
[BlackElo "2213"]
[PlyCount "51"]
[EventDate "2017.08.24"]
[EventType "team-tourn"]
[EventRounds "9"]
[EventCountry "BIH"]
[SourceTitle "CBM 180 Extra"]
[Source "ChessBase"]
[SourceDate "2017.10.06"]
[SourceVersion "1"]
[SourceVersionDate "2017.10.06"]
[SourceQuality "1"]
[WhiteTeam "Konjic"]
[BlackTeam "Zenica Celik"]
[WhiteTeamCountry "BIH"]
[BlackTeamCountry "BIH"]

1. e4 c5 2. f4 Nc6 3. Nf3 g6 4. Bb5 Qb6 5. Nc3 Bg7 6. Nd5 Qd8 7. Bxc6 bxc6 8. Ne3 Rb8 9. c3 Nf6 10. d3 Qc7 11. 0-0 0-0 12. Qa4 d6 13. f5 Qb6 14. fxg6 hxg6 15. e5 Nh7 16. exd6 exd6 17. Nc4 Qa6 18. Qxa6 Bxa6 19. Bf4 Bxc4 20. dxc4 Rxb2 21. Bxd6 Re8 22. Bxc5 Ree2 23. Rf2 Bxc3 24. Rc1 Rxf2 25. Bxf2 Bf6 26. Bxa7 1/2-1/2

[Event "BIH-chT 16th"]
[Site "Sarajevo"]
[Date "2017.08.26"]
[Round "3.4"]
[White "Muratovic, Enver"]
[Black "Narancic, Vlado"]
[Result "1/2-1/2"]
[WhiteElo "2213"]
[BlackElo "2294"]
[PlyCount "63"]
[EventDate "2017.08.24"]
[EventType "team-tourn"]
[EventRounds "9"]
[EventCountry "BIH"]
[SourceTitle "CBM 180 Extra"]
[Source "ChessBase"]
[SourceDate "2017.10.06"]
[SourceVersion "1"]
[SourceVersionDate "2017.10.06"]
[SourceQuality "1"]
[WhiteTeam "Zenica Celik"]
[BlackTeam "Busovaca Hrasno"]
[WhiteTeamCountry "BIH"]
[BlackTeamCountry "BIH"]

1. e4 c5 2. Nf3 a6 3. Nc3 d6 4. d4 cxd4 5. Nxd4 Nf6 6. Bg5 e6 7. f4 Nbd7 8. Qf3 Qc7 9. 0-0-0 Be7 10. g4 h6 11. Bh4 g5 12. fxg5 Ne5 13. Qg3 Nfxg4 14. gxh6 Bxh4 15. Qxh4 Qe7 16. Qg3 Rxh6 17. Be2 Rg6 18. h4 Bd7 19. h5 Rg8 20. Kb1 0-0-0 21. Nb3 Kc7 22. Nd4 Qg5 23. Rh3 Qf6 24. Rf1 Qh6 25. Rf4 Nf6 26. Qf2 Rg1+ 27. Qxg1 Qxf4 28. Qh1 Qf2 29. Qd1 Rg8 30. Rh1 Nfg4 31. Nf3 Nxf3 32. Bxf3 1/2-1/2

[Event "Zadar op-B 23rd"]
[Site "Zadar"]
[Date "2016.12.14"]
[Round "6"]
[White "Muratovic, Enver"]
[Black "Trippold, Denise"]
[Result "1-0"]
[WhiteElo "2224"]
[BlackElo "2057"]
[PlyCount "139"]
[EventDate "2016.12.11"]
[EventType "swiss"]
[EventRounds "9"]
[EventCountry "CRO"]
[SourceTitle "CBM 176 Extra"]
[Source "ChessBase"]
[SourceDate "2017.03.02"]
[SourceVersion "1"]
[SourceVersionDate "2017.03.02"]
[SourceQuality "1"]

1. e4 c5 2. Nf3 e6 3. b3 b6 4. Nc3 Bb7 5. Bb2 Nf6 6. e5 Ne4 7. Qe2 Nxc3 8. Bxc3 Nc6 9. Qe3 Be7 10. a3 0-0 11. Bc4 d5 12. exd6 Bxd6 13. 0-0-0 Ne7 14. Bb2 Nd5 15. Qe4 Be7 16. Qg4 Bf6 17. Ne5 Qc7 18. Rde1 a6 19. h4 b5 20. Bd3 Nb6 21. Be4 Bxe4 22. Rxe4 Rfd8 23. Rh3 Rd5 24. f4 Rad8 25. Re2 c4 26. bxc4 bxc4 27. Nxc4 Bxb2+ 28. Nxb2 Qd6 29. f5 Rxf5 30. Rf3 Ra5 31. Qg3 Qc5 32. Rc3 Qb5 33. Qc7 Rf8 34. Rd3 Nd5 35. Qc4 Qb6 36. Rb3 Qd6 37. Na4 Qd7 38. Nc5 Qc7 39. d4 Qf4+ 40. Kb2 g6 41. g3 Qg4 42. Nd7 Re8 43. Qxd5 exd5 44. Nf6+ Kg7 45. Nxe8+ Kh6 46. Rd2 Rb5 47. Nf6 Rxb3+ 48. cxb3 Qxg3 49. Nxd5 Qe1 50. Kc3 Qc1+ 51. Rc2 Qxa3 52. Kc4 Qd6 53. Nc3 f5 54. b4 f4 55. d5 f3 56. Ne4 Qb6 57. d6 Qc6+ 58. Kd3 Qd5+ 59. Ke3 Qb3+ 60. Rc3 Qxb4 61. d7 Qa5 62. Rd3 Qe1+ 63. Kxf3 Qh1+ 64. Ke3 Qh3+ 65. Kd2 Qh2+ 66. Ke3 Qh3+ 67. Ke2 Qh2+ 68. Nf2 Qe5+ 69. Kf1 Qa1+ 70. Kg2 1-0

[Event "Zadar op-B 23rd"]
[Site "Zadar"]
[Date "2016.12.13"]
[Round "4"]
[White "Muratovic, Enver"]
[Black "Babic, Andrija"]
[Result "1/2-1/2"]
[WhiteElo "2224"]
[BlackElo "2096"]
[PlyCount "118"]
[EventDate "2016.12.11"]
[EventType "swiss"]
[EventRounds "9"]
[EventCountry "CRO"]
[SourceTitle "CBM 176 Extra"]
[Source "ChessBase"]
[SourceDate "2017.03.02"]
[SourceVersion "1"]
[SourceVersionDate "2017.03.02"]
[SourceQuality "1"]

1. e4 c5 2. Nf3 d6 3. Bb5+ Bd7 4. Bxd7+ Qxd7 5. 0-0 Nc6 6. b3 Nf6 7. Re1 g6 8. Bb2 Bg7 9. c3 0-0 10. d4 cxd4 11. cxd4 d5 12. Ne5 Qc7 13. Nxc6 Qxc6 14. e5 Ne8 15. Ba3 Qd7 16. Qd2 Nc7 17. Nc3 Rfe8 18. Rac1 Rac8 19. Ne2 Ne6 20. f4 Bh6 21. h3 f5 22. h4 Kf7 23. g3 Rxc1 24. Rxc1 Rc8 25. Kf2 Rxc1 26. Qxc1 Qc7 27. Qh1 Qc6 28. Qf3 Nc7 29. h5 Nb5 30. hxg6+ hxg6 31. Bb4 Nc7 32. Qh1 Bf8 33. Qh7+ Ke8 34. a4 b6 35. Qg8 Qe6 36. Qh8 Qf7 37. Nc3 Qg7 38. Qh4 e6 39. Bxf8 Qxf8 40. Qh7 Qf7 41. Qh8+ Qf8 42. Qh7 Qf7 43. Qh6 a6 44. Ne2 Kd7 45. Ng1 Qe7 46. Qxg6 Qb4 47. Ne2 Qxb3 48. g4 fxg4 49. Qxg4 Qd3 50. Qg7+ Kc6 51. Qe7 Kb7 52. Qb4 a5 53. Qb2 Na6 54. Qb5 Qc2 55. Qd7+ Nc7 56. Ke3 Kb8 57. Qd8+ Kb7 58. Qd7 Kb8 59. Qd8+ Kb7 1/2-1/2

[Event "Zadar op-B 22nd"]
[Site "Zadar"]
[Date "2015.12.19"]
[Round "9"]
[White "Muratovic, Enver"]
[Black "Brunski, Igor"]
[Result "1/2-1/2"]
[WhiteElo "2207"]
[BlackElo "2064"]
[PlyCount "76"]
[EventDate "2015.12.13"]
[EventType "swiss"]
[EventRounds "9"]
[EventCountry "CRO"]
[SourceTitle "EXT 2017"]
[Source "ChessBase"]
[SourceDate "2016.10.25"]
[SourceVersion "1"]
[SourceVersionDate "2016.10.25"]
[SourceQuality "1"]

1. e4 e5 2. Nf3 Nc6 3. Bb5 a6 4. Ba4 Nf6 5. 0-0 b5 6. Bb3 Be7 7. Re1 0-0 8. a4 Bb7 9. c3 d5 10. axb5 axb5 11. Rxa8 Bxa8 12. exd5 Nxd5 13. d3 Bf6 14. Qe2 b4 15. Be3 Nxe3 16. Qxe3 bxc3 17. bxc3 Na5 18. Ba2 Bxf3 19. Qxf3 Qa8 20. Bd5 Qd8 21. Nd2 c6 22. Be4 g6 23. Nf1 Bg7 24. Rd1 Qd6 25. g4 Rb8 26. Ng3 Qc5 27. Ne2 Rf8 28. d4 exd4 29. cxd4 Qd6 30. Qc3 Re8 31. Bf3 Nb7 32. Ng3 Nd8 33. Qc4 Qf4 34. Bxc6 Nxc6 35. Qxc6 Rd8 36. Qe4 Qxe4 37. Nxe4 Rxd4 38. Rxd4 Bxd4 1/2-1/2

[Event "BIH-chT 14th"]
[Site "Prijedor"]
[Date "2015.09.08"]
[Round "4.4"]
[White "Vajic, Goran"]
[Black "Muratovic, Enver"]
[Result "1/2-1/2"]
[WhiteElo "2317"]
[BlackElo "2213"]
[PlyCount "55"]
[EventDate "2015.09.05"]
[EventType "team-tourn"]
[EventRounds "9"]
[EventCountry "BIH"]
[SourceTitle "EXT 2016"]
[Source "ChessBase"]
[SourceDate "2015.10.08"]
[SourceVersion "1"]
[SourceVersionDate "2015.10.08"]
[SourceQuality "1"]
[WhiteTeam "Bihac"]
[BlackTeam "Zenica Celik"]
[WhiteTeamCountry "BIH"]
[BlackTeamCountry "BIH"]

1. e4 e6 2. d4 d5 3. e5 c5 4. Nf3 cxd4 5. Nxd4 Nc6 6. Nxc6 bxc6 7. Bd3 Qc7 8. Qe2 Ne7 9. 0-0 Bd7 10. Nd2 c5 11. c3 Nc6 12. f4 Be7 13. Nf3 g6 14. Be3 Rb8 15. b3 Qa5 16. c4 Nb4 17. Bd2 Qb6 18. Rfd1 Nxd3 19. Qxd3 0-0 20. Be3 d4 21. Bf2 Bc6 22. Nd2 Qb7 23. Qh3 Kg7 24. Re1 h5 25. Re2 Rbd8 26. Bh4 a5 27. Rae1 Rfe8 28. Bxe7 1/2-1/2

[Event "Zenica"]
[Site "Zenica"]
[Date "2014.12.26"]
[Round "8"]
[White "Muratovic, Enver"]
[Black "Drazic, Sinisa"]
[Result "0-1"]
[WhiteElo "2247"]
[BlackElo "2438"]
[PlyCount "110"]
[EventDate "2014.12.21"]
[EventType "tourn"]
[EventRounds "9"]
[EventCountry "BIH"]
[EventCategory "6"]
[SourceTitle "CBM 164 Extra"]
[Source "ChessBase"]
[SourceDate "2015.03.02"]
[SourceVersion "1"]
[SourceVersionDate "2015.03.02"]
[SourceQuality "1"]

1. e4 e6 2. d4 d5 3. exd5 exd5 4. Bd3 c5 5. dxc5 Bxc5 6. Nf3 Nc6 7. 0-0 Nge7 8. h3 0-0 9. c3 h6 10. Nbd2 Bb6 11. Nb3 Qd6 12. Re1 Bxh3 13. gxh3 Qg3+ 14. Kh1 Bxf2 15. Rg1 Qxh3+ 16. Nh2 Bxg1 17. Kxg1 Ng6 18. Qf3 Qh4 19. Qf2 Nce5 20. Qxh4 Nxh4 21. Be2 Rfe8 22. Kf2 f5 23. Nd4 g5 24. b3 Kg7 25. Bd2 Kg6 26. Rg1 a6 27. Ndf3 Nhxf3 28. Nxf3 Ng4+ 29. Kf1 Re4 30. Bd3 Rae8 31. Nd4 h5 32. Nf3 Re3 33. Bxe3 Rxe3 34. Ne1 Kf6 35. Rh1 h4 36. c4 dxc4 37. Bxc4 h3 38. Bd5 Re7 39. Rxh3 Ne3+ 40. Rxe3 Rxe3 41. Bxb7 a5 42. Nc2 Re7 43. Ba6 g4 44. Nd4 f4 45. Bc8 Kg5 46. Kf2 Re3 47. Ba6 Re8 48. Bd3 Re3 49. Bc4 Rh3 50. a3 Rh2+ 51. Kf1 f3 52. Ne6+ Kh4 53. Nd4 Kg3 54. Nf5+ Kf4 55. Bd3 g3 0-1

[Event "Zenica"]
[Site "Zenica"]
[Date "2014.12.25"]
[Round "6"]
[White "Muratovic, Enver"]
[Black "Blagojevic, Dragisa"]
[Result "0-1"]
[WhiteElo "2247"]
[BlackElo "2504"]
[PlyCount "108"]
[EventDate "2014.12.21"]
[EventType "tourn"]
[EventRounds "9"]
[EventCountry "BIH"]
[EventCategory "6"]
[SourceTitle "CBM 164 Extra"]
[Source "ChessBase"]
[SourceDate "2015.03.02"]
[SourceVersion "1"]
[SourceVersionDate "2015.03.02"]
[SourceQuality "1"]

1. e4 e5 2. Nf3 Nc6 3. Bb5 a6 4. Ba4 Nge7 5. 0-0 g6 6. Bxc6 Nxc6 7. Nc3 Bg7 8. d3 d6 9. Nd5 0-0 10. h3 f5 11. Bg5 Qd7 12. exf5 gxf5 13. Bh4 h6 14. c4 Qf7 15. Nd2 Be6 16. Nc3 f4 17. Kh2 Qg6 18. Nce4 Nd4 19. Nf3 Nf5 20. g4 fxg3+ 21. Bxg3 Ne7 22. Nh4 Qh7 23. Rg1 Rf7 24. Qh5 Raf8 25. Rg2 Bf5 26. Re1 Kh8 27. b4 Ng6 28. Nxf5 Rxf5 29. Qe2 Qg8 30. Reg1 Qf7 31. Kh1 Rg8 32. a4 Kh7 33. a5 Bf6 34. Bh2 Bd8 35. Ng3 Rg5 36. Qe4 Qf4 37. Ne2 Qxe4 38. dxe4 Rf8 39. Rc1 Nh4 40. Rxg5 Bxg5 41. Rf1 Nf3 42. Ng3 Nd2 43. Rd1 Rxf2 44. Bg1 Rf3 45. Kg2 Rb3 46. c5 Rxb4 47. cxd6 cxd6 48. h4 Bf4 49. Nf5 Rxe4 50. Nxd6 Re2+ 51. Kh1 e4 52. Nxb7 Nf3 53. h5 Be3 54. Rd7+ Kg8 0-1